| 000 | 00513nam a2200169 a 4500 | ||
|---|---|---|---|
| 005 | 20140412111223.0 | ||
| 008 | 100122s19uu xx 00 eng d | ||
| 020 | _a0-590-47963-6 | ||
| 050 |
_aTR(GS E _bL96 2003 |
||
| 100 | _aLundell, Margo | ||
| 245 |
_aA Girl named Helen Keler / _cMargo Lundell. |
||
| 260 |
_aNew York : _bScholastic, _c2003. |
||
| 300 | _aunp. | ||
| 440 | _aScholastic reader 3 | ||
| 520 | _aHelen was deaf and blind. Helen was helpless until she met a special teacher. | ||
| 999 |
_c101989 _d101989 |
||